Statistiken für Top 15 der betroffenen Covid-19-Länder - 25. April 2021

Klicken Sie hier um das Quiz zu spielen!

Allgemein

  • Dieses Quiz wurde 23 mal gespielt
  • Das Durchschnittsergebnis liegt bei 16 aus 28

Antwortstatistiken

Land% Korrekt
Indien
96%
Vereinigte Staaten
91%
Deutschland
87%
Russland
87%
Spanien
87%
Brasilien
83%
Italien
83%
Mexiko
83%
Frankreich
78%
Argentinien
74%
Portugal
65%
Vereinigtes Königreich
65%
Polen
61%
Kolumbien
57%
Schweden
57%
Iran
52%
Tschechien
52%
Türkei
52%
Belgien
48%
Niederlande
43%
Litauen
35%
Ungarn
35%
Slowenien
30%
Israel
26%
Kroatien
26%
Estland
22%
Bahrain
13%
Panama
13%

Verteilung der Resultate

Perzentil nach korrekt beantworteten Fragen

Anzahl Personen mit jedem Resultat

Ihre Resultats-Entwicklung

Sie haben dieses Quiz noch nicht gespielt